| Tag |
First Indicator |
Second Indicator |
Subfields |
| LEADER |
00000cam a2200000 i 4500 |
| 001 |
in00004775113 |
| 006 |
m o d |
| 007 |
cr ||||||||||| |
| 008 |
200608t20202020gw fod z000 0 ger d |
| 005 |
20240212223614.8 |
| 035 |
|
|
|a (OCoLC)on1158109087
|
| 040 |
|
|
|a DEGRU
|b eng
|e rda
|e pn
|c DEGRU
|d S2H
|d OCLCO
|d OCLCF
|d UAB
|d UKKNU
|d SFB
|d EBLCP
|d LUN
|d OCLCQ
|d AUD
|d OCLCO
|d DEGRU
|
| 020 |
|
|
|a 9783839451588
|
| 020 |
|
|
|a 3839451582
|
| 024 |
7 |
|
|a 10.14361/9783839451588
|2 doi
|
| 035 |
|
|
|a (OCoLC)1158109087
|
| 072 |
|
7 |
|a POL003000
|2 bisacsh
|
| 082 |
0 |
4 |
|a 020
|q DE-101
|
| 084 |
|
|
|a MG 17092
|2 rvk
|0 (DE-625)rvk/122820:12053
|
| 049 |
|
|
|a TXAM
|
| 100 |
1 |
|
|a Von Staden, Julia,
|e author
|4 aut
|4 http://id.loc.gov/vocabulary/relators/aut
|
| 245 |
1 |
0 |
|a Stuttgart 21 - eine Rekonstruktion der Proteste :
|b Soziale Bewegungen in Zeiten der Postdemokratie /
|c Julia von Staden.
|
| 264 |
|
1 |
|a Bielefeld :
|b Transcript-Verlag,
|c [2020]
|
| 264 |
|
4 |
|c ©2020
|
| 300 |
|
|
|a 1 online resource (256 pages)
|
| 336 |
|
|
|a text
|b txt
|2 rdacontent
|
| 337 |
|
|
|a computer
|b c
|2 rdamedia
|
| 338 |
|
|
|a online resource
|b cr
|2 rdacarrier
|
| 347 |
|
|
|a text file
|
| 347 |
|
|
|b PDF
|
| 490 |
0 |
|
|a Soziale Bewegung und Protest ;
|v 3
|
| 505 |
0 |
0 |
|t Frontmatter --
|t Inhalt --
|t Abkürzungsverzeichnis --
|t Danksagung --
|t 1. Einleitung --
|t 2. Theoretische Fundierung --
|t 3. Methodologische Konzeptualisierung und Operationalisierung --
|t 4. Ausgangslage und Beginn der Massenproteste gegen Stuttgart 21 --
|t 5. Eskalation am Schwarzen Donnerstag --
|t 6. Das Schlichtungsverfahren --
|t 7. Überhöhtes Vertrauen der Protestbewegung in eine neue Landesregierung --
|t 8. Die Volksabstimmung als konfliktbefriedendes Verfahren --
|t 9. Schlussbetrachtung --
|t Anhang --
|t Literatur- und Quellenverzeichnis --
|t Abbildungsverzeichnis
|
| 520 |
|
|
|a Die Konflikte um das Großprojekt "Stuttgart 21" verdeutlichen exemplarisch, wie Protestbewegungen das postdemokratische Zusammenspiel von Staat und Wirtschaft herausfordern. B|rgerbeteiligung und Kostentransparenz sind seither nahezu obligatorisch, dabei hat die Bewegung gegen "S21" ihr eigentliches Ziel, das Bahn- und Immobilienprojekt zu stoppen, verfehlt, trotz scheinbar positiver Ausgangslage. Anhand von Schl|sselereignissen im Konflikt um das Großprojekt rekonstruiert Julia von Staden die Dynamiken und Diskurse einer sozialen Bewegung, die in ihrer Art eine Neuheit in der Protest- und Bewegungsforschung darstellt und gleichzeitig ein Lehrst|ck f|r andere soziale Bewegungen wurde
|
| 546 |
|
|
|a In German.
|
| 588 |
0 |
|
|a Online resource; title from PDF title page (publisher's Web site, viewed 08. Jun 2020).
|
| 650 |
|
0 |
|a Political science.
|
| 650 |
|
7 |
|a POLITICAL SCIENCE
|x Civics & Citizenship.
|2 bisacsh
|
| 650 |
|
7 |
|a Political science
|2 fast
|
| 653 |
|
|
|a Citizen Participation.
|
| 653 |
|
|
|a City.
|
| 653 |
|
|
|a Civil Disobedience.
|
| 653 |
|
|
|a Civil Society.
|
| 653 |
|
|
|a Major Projects.
|
| 653 |
|
|
|a Political Science.
|
| 653 |
|
|
|a Political Sociology.
|
| 653 |
|
|
|a Politics.
|
| 653 |
|
|
|a Post-democracy.
|
| 653 |
|
|
|a Protest.
|
| 653 |
|
|
|a Social Movements.
|
| 653 |
|
|
|a Space.
|
| 653 |
|
|
|a Urban Studies.
|
| 655 |
|
7 |
|a Electronic books.
|2 local
|
| 710 |
2 |
|
|a Walter de Gruyter & Co.
|
| 856 |
4 |
0 |
|u https://www.degruyter.com/openurl?genre=book&isbn=9783839451588
|z Connect to the full text of this electronic book
|t 0
|
| 936 |
|
|
|a BATCHLOAD
|
| 955 |
|
|
|a De Gruyter Open Access ebooks
|
| 994 |
|
|
|a 92
|b TXA
|
| 999 |
f |
f |
|s a730998f-a032-4467-83fd-0f16daca3f0a
|i 5855f5fd-2d6f-4d95-851b-8eff914930e6
|t 0
|
| 952 |
f |
f |
|a Texas A&M University
|b College Station
|c Electronic Resources
|d Available Online
|t 0
|h Library of Congress classification
|
| 998 |
f |
f |
|t 0
|l Available Online
|